Erase Europe by Capital Quiz Stats

 Plays Quiz Updated Mar 14, 2018

Also try: Erase Africa
Challenge
Share
Tweet
Score 0/47 Timer 06:00
239 Plays Today
% Correct
???
41.7%
???
41.4%
???
41.4%
???
41.3%
???
41.2%
???
41.2%
???
41%
???
40.5%
???
40.1%
???
39.6%
???
39.3%
???
39.1%
???
39%
???
39%
???
38.8%
???
38.4%
???
38.2%
???
37.1%
???
36.8%
???
36.5%
???
36%
???
35.9%
???
35.7%
???
35.3%
% Correct
???
35.3%
???
33.8%
???
33.4%
???
31.3%
???
29.8%
???
29%
???
28.5%
???
28.3%
???
28.2%
???
27.9%
???
27.2%
???
25.6%
???
25.1%
???
24.8%
???
24.5%
???
24.2%
???
23.4%
???
23.2%
???
22.1%
???
21.9%
???
20.5%
???
18.4%
???
17.7%

You're not logged in!

Compare scores with friends on all Sporcle quizzes.
Join for Free
OR
Log In

You Might Also Like...

Show Comments

Extras

Top Quizzes Today


Score Distribution

Your Account Isn't Verified!

In order to create a playlist on Sporcle, you need to verify the email address you used during registration. Go to your Sporcle Settings to finish the process.

Report this User

Report this user for behavior that violates our Community Guidelines.

Details: